Understanding the impacts of deregulation in planning : (Record no. 118145)
[ view plain ]
| 000 -LEADER | |
|---|---|
| fixed length control field | 00507nam a22001695i 4500 |
| 001 - CONTROL NUMBER | |
| control field | 20839375 |
| 005 - DATE AND TIME OF LATEST TRANSACTION | |
| control field | 20200811155000.0 |
| 008 - FIXED-LENGTH DATA ELEMENTS--GENERAL INFORMATION | |
| fixed length control field | 190205s2019 nyu 000 0 eng |
| 020 ## - INTERNATIONAL STANDARD BOOK NUMBER | |
| International Standard Book Number | 9783030126711 |
| 040 ## - CATALOGING SOURCE | |
| Transcribing agency | PK-LaUMT |
| 082 ## - DEWEY DECIMAL CLASSIFICATION NUMBER | |
| Classification number | 307.12160941 |
| Item number | UND- |
| 245 00 - TITLE STATEMENT | |
| Title | Understanding the impacts of deregulation in planning : |
| Remainder of title | turning offices into homes? / |
| Statement of responsibility, etc | by Ben Clifford . . . [et al.] |
| 250 ## - EDITION STATEMENT | |
| Edition statement | 225 p. |
| 260 ## - PUBLICATION, DISTRIBUTION, ETC. (IMPRINT) | |
| Place of publication, distribution, etc | Switzerland : |
| Name of publisher, distributor, etc | Palgrave Macmillan/ |
| Date of publication, distribution, etc | 2019 |
| 300 ## - PHYSICAL DESCRIPTION | |
| Extent | 224 p. |
| 942 ## - ADDED ENTRY ELEMENTS (KOHA) | |
| Koha item type | Books |
| Withdrawn status | Lost status | Damaged status | Home library | Current library | Date acquired | Full call number | Barcode | Date last seen | Price effective from | Koha item type |
|---|---|---|---|---|---|---|---|---|---|---|
| UMT Main Campus | UMT Main Campus | 2020-08-11 | 307.12160941 UND- | 134404 | 2020-08-11 | 2020-08-11 | Books |
